000 00638nam a2200217Ia 4500
005 20241129104259.0
008 241129s9999||||xx |||||||||||||| ||und||
020 _a9789385957505
037 _aTextual
040 _aRTL
_beng
_cRTL
041 _aeng
_2eng
084 _aY5927 R2
_qRTL
100 _aRao Yagati Chinna
245 0 _aTowards inclusivity: Essays on social exclusion and discrimination
_cRao Yagati Chinna
260 _aDelhi
_bMeena Book Publications
_c2022
300 _aviii,335p.
365 _aINR
_bRs. 1400.00
650 _aRacism
_9601285
942 _cTB
_hY5927 R2
999 _c1225205
_d1225205